Visualizzazione normale
Vista MARC
- Badarou Wally
di Personal Name
Records bibliografici associati: 1
001 - CONTROL NUMBER
- control field: 25185
003 - CONTROL NUMBER IDENTIFIER
- control field: IT-RoPau
005 - DATE AND TIME OF LATEST TRANSACTION
- control field: 20140515221545.0
008 - FIXED-LENGTH DATA ELEMENTS
- fixed length control field: 140515|| aca||aabn | a|a d
040 ## - CATALOGING SOURCE
- Original cataloging agency: IT-RoPau
- Transcribing agency: IT-RoPau
100 ## - HEADING--PERSONAL NAME
- Personal name: Badarou Wally
- Miscellaneous information: Codice autore testo/musica SPICS: 20335
- Relator term: Autore testo/musica
- Name of part/section of a work: Take A Look - Staring At the Sun - Man
670 ## - SOURCE DATA FOUND
- Source citation: Work cat.: (IT-RoPau)98867: King Mark 25179, Staring At The Sun (Lp 837 247)